| 000 | 00571nam a22002177a 4500 | ||
|---|---|---|---|
| 003 | dpl | ||
| 005 | 20180802162936.0 | ||
| 008 | 180802b xxu||||| |||| 00| 0 eng d | ||
| 010 | _a601289 | ||
| 016 | _a601289 | ||
| 035 | _a601289 | ||
| 037 | _bBPPD/PUB | ||
| 040 | _c0 | ||
| 082 | _aS | ||
| 100 | _a Buck, Pearls | ||
| 245 |
_aGood deed and other stories of asia past and present / _cby Pearls Buck |
||
| 260 |
_aNew Delhi _bMethuen and co ltd |
||
| 300 |
_a601289 _c21 cm (Hb) |
||
| 650 | _aFinancial accountancy | ||
| 942 |
_adpl _cEN _kS / BUC _2ddc _hS _mBUC |
||
| 999 |
_c155323 _d155323 |
||